000 00710nam a2200241Ia 4500
003 OSt
005 20241016143833.0
008 210716s1977 xx 000 0 und d
020 _a0827312687
040 _cAIMIT LIBRARY
041 _aeng
082 _a510
_21
_bOLIV
100 _aOlivo, C Thomas.
_9182535
245 _aBasic mathematics simplified fundamentals /
_cBy C Thomas Olivo and Thomas P Olivo.
250 _a4th
260 _aNew York :
_bDelmar publishers ,
_c1977.
300 _avii,221p. ;
_bPB
_c26.9 cm
650 _aWhole numbera
_9182536
650 _aDecimal fractions
_9182537
650 _aFinance
_9182538
700 _aOlivo, Thomas P.
_9182539
942 _2ddc
_cBK
_e4th
_k510 OLIV
999 _c202223
_d202223